000
00229nam a2200097Ia 4500
008
220204s9999 xx 000 0 und d
100
_a
Eysenck, H J
245
0
_a
Check your own I Q
260
_a
London
_b
Penguin
_c
1966
942
_c
BK
999
_c
26363
_d
26363